No Nation for Women/ (Record no. 194112)

MARC details
000 -LEADER
fixed length control field 00749nam a22001937a 4500
005 - DATE AND TIME OF LATEST TRANSACTION
control field 20230120160309.0
010 ## - LCCN (DPL NO)
LC control number B-746569-573 E.N.A./7.11.22
020 ## - INTERNATIONAL STANDARD BOOK NUMBER
International Standard Book Number 9789386797094
Terms of availability 399.00
035 ## - SYSTEM CONTROL NUMBER
System control number B-746569-573
037 ## - SOURCE OF ACQUISITION
Source of stock number/acquisition Aakar
082 ## - DEWEY DECIMAL CLASSIFICATION NUMBER
Classification number 305.40954
100 ## - MAIN ENTRY--PERSONAL NAME
Personal name Dubey, Priyanka
245 ## - TITLE STATEMENT
Title No Nation for Women/
Statement of responsibility, etc Priyanka Dubey
260 ## - PUBLICATION, DISTRIBUTION, ETC. (IMPRINT)
Place of publication, distribution, etc New Delhi
Name of publisher, distributor, etc Simon & Schuster
Date of publication, distribution, etc 2020
270 ## - ADDRESS
Address 818, Indraprakash Building, 21, Barakhamba Road
City New Delhi
Postal code 110001
300 ## - PHYSICAL DESCRIPTION
Extent xv, 243p.
Dimensions 21cm(pbk)
942 ## - ADDED ENTRY ELEMENTS (KOHA)
Source of classification or shelving scheme Dewey Decimal Classification
Item type English Books
Call number suffix DUB
Classification part 305.40954
Holdings
Withdrawn status Lost status Not for loan Collection code Home library Current library Date acquired Source of acquisition Cost, normal purchase price Full call number Barcode Copy number Cost, replacement price Koha item type
      Non-fiction Central Library Central Library 20/01/2023 Aakar Books/I-2244/28.11.22/142/23.11.22/2.12.22 399.00 305.40954 DUB B-746569 1 399.00 English Books
      Non-fiction Mobile Library Mobile Library 20/01/2023 Aakar Books/I-2244/28.11.22/142/23.11.22/2.12.22 399.00 305.40954 DUB B-746570 3 399.00 English Books
      Non-fiction Mobile Library Mobile Library 20/01/2023 Aakar Books/I-2244/28.11.22/142/23.11.22/2.12.22 399.00 305.40954 DUB B-746571 3 399.00 English Books
      Non-fiction Mobile Library Mobile Library 20/01/2023 Aakar Books/I-2244/28.11.22/142/23.11.22/2.12.22 399.00 305.40954 DUB B-746572 3 399.00 English Books
      Non-fiction Sarojini Nagar Sarojini Nagar 20/01/2023 Aakar Books/I-2244/28.11.22/142/23.11.22/2.12.22 399.00 305.40954 DUB B-746573 1 399.00 English Books

© Delhi Public Library
Hit Counter
free hit counter